|
|
|
|
| LEADER |
00000cam a2200000 7i4500 |
| 001 |
0000006256 |
| 005 |
20220105104020.0 |
| 008 |
070815 |
| 020 |
|
|
|a 9833324649
|
| 090 |
0 |
0 |
|a JP
|b MOR ENG (7191)
|
| 245 |
0 |
0 |
|a Keykey did not know how to eat a walnut
|
| 260 |
|
|
|a Selangor :
|b Early Learner Publications
|
| 440 |
|
|
|a Moral values series
|
| 500 |
|
|
|a Children age 4-6 years old (yellow)
|
| 650 |
|
0 |
|a Junior preschool
|x English
|x Languages
|
| 650 |
|
0 |
|a Moral
|
| 999 |
|
|
|a 0000983127
|b Book
|c Children Collection
|e Cawangan Tmn. Ungku Tun Aminah
|
| 999 |
|
|
|a 0000983128
|b Book
|c Children Collection
|e Perbadanan Perpustakaan Awam Johor
|
| 999 |
|
|
|a 0000983129
|b Book
|c Children Collection
|e Cawangan Mersing
|
| 999 |
|
|
|a 0000983130
|b Book
|c Children Collection
|e Perbadanan Perpustakaan Awam Johor
|
| 999 |
|
|
|a 0001129735
|b Book
|c Children Collection
|e Cawangan Tmn. Ungku Tun Aminah
|